Venus Citerea en dos partes (Record no. 77184)

MARC details
000 -LEADER
campo de control de longitud fija 00477nam a2200157 i 4500
001 - NÚMERO DE CONTROL
campo de control 77184
003 - IDENTIFICADOR DE NÚMERO DE CONTROL
campo de control ES-MaACL
005 - FECHA Y HORA DE LA ÚLTIMA TRANSACCIÓN
campo de control 20230906173117.0
007 - CAMPO FIJO DE DESCRIPCIÓN FÍSICA--INFORMACIÓN GENERAL
campo de control de longitud fija t|
008 - DATOS DE LONGITUD FIJA--INFORMACIÓN GENERAL
campo de control de longitud fija 041007s1917 sp ||||1| spa d
100 1# - ENTRADA PRINCIPAL--NOMBRE DE PERSONA
Nombre de persona Gutiérrez Gorostiza, Alfredo.
9 (RLIN) 61160
245 10 - MENCIÓN DEL TÍTULO
Título Venus Citerea en dos partes
Resto del título : comedia de dioses y faunos /
Mención de responsabilidad, etc. Alfredo Gutiérrez Gorostiza.
260 ## - PUBLICACIÓN, DISTRIBUCIÓN, ETC.
Lugar de publicación, distribución, etc. Madrid :
Nombre del editor, distribuidor, etc. [s.n.,
Fecha de publicación, distribución, etc. 1917] (
Fabricante J. López)
300 ## - DESCRIPCIÓN FÍSICA
Extensión 204 p. ;
Dimensiones 21 cm.
852 ## - LOCALIZACIÓN
Ubicación ES-MaACL
Número de control de estantería F-5799
Holdings
Estatus retirado Estado de pérdida Estado de daño No para préstamo Biblioteca de origen Biblioteca actual Ubicación en estantería Fecha de adquisición Fuente de adquisición Total de préstamos Signatura topográfica completa Código de barras Visto por última vez Precio de reemplazo Tipo de ítem Koha
        Biblioteca del Ateneo de Madrid Biblioteca del Ateneo de Madrid Depósito 2 17/01/2008     F-5799 1080757 23/02/2023 23/02/2023 Libro impreso